000 00527nam a2200217Ia 4500
003 OSt
005 20220928145214.0
006 a|||||r|||| 00| 0
007 ta
008 220927b |||||||| |||| 00| 0 eng d
024 _a79420
037 _cTextual
040 _aSDCL
_cSDCL
_beng
041 _2eng
_aeng
082 _aX:51:f, N1
100 _aChisnall Peter M
_9512095
245 0 _aMarketing research
260 _c1991
942 _hX:51:f, N1
_cTEXL
_2CC
999 _c832508
_d832508